South Park Trivia - Statistics

General Stats
  • This quiz has been taken 494 times
  • The average score is 9 of 15
Answer Stats
Hint Answer % Correct
What state is South Park in? Colorado
98%
Who is Mysterion? Kenny
95%
Who gave Kyle AIDS? Cartman
90%
Who is Lorde? Randy
86%
Who believes in Man-Bear-Pig? Al Gore
82%
What color is Butters's house? Red
68%
What is Kenny's sister's name? Karen
61%
Who is a hoarder? Stan
58%
What is Bebe's last name? Stevens
49%
What sport is Pip good at? Dodgeball
48%
What is Kyle 2's last name? Broflovski
41%
Who did Butters try to kill? John Lennon
30%
What is Ike's Canadian name? Peter Gintz
24%
What was Ike's macaroni picture of? The Last Supper
15%
Who is Cartman secretly in love with? Patty Nelson
10%
No matching quizzes found
Score Distribution
Percent of People with Each Score
Percentile by Number Answered
Your Score History
You have not taken this quiz